000 00611nam a22002537a 4500
003 UA-OsUOA
001 27701
007 ta
008 20040910b un ||||| |||| 00| 0 ukr d
100 _aВаськовский Е. В.
090 _a347(075.8)
_bВ19
942 _cBK
040 _aUA-OsUOA
_brus
_cUA-OsUOA
_dUA-OsUOA
245 _aУчебник гражданского права
300 _a382 с.
955 _a0
041 _arus
080 _a347(075.8)
020 _a5-8354-0177-9
260 _aМосква
_bСтатут
_c2003
044 _aRU
650 7 _2UDC
999 _c314051
_d314051